Регионална библиотека "Любен Каравелов" - Русе

Ръководство за лабораторни упражнения по машинни елементи (Запис номер 456235)

MARC детайли
000 -Лидер
Контролно поле с фиксирана дължина nam a22 c 4500
003 - Код на организацията, давaща контролен номер
Контролно поле BLK
005 - Дата и час на последна редакция
Контролно поле 20220518084751.0
008 - Елементи от данни с фиксирана дължина
fixed length control field 220518b bu |||||r|||| 00| | bu d
040 ## - Източник на каталожния запис
Идентификатор на билиотеката - собственик на записа BLK
041 ## - Код за език
Код за езика на текст/звукозапис или на отделно заглавие Български
Код за езика КДБФ Български
080 ## - УДК
Текстов определител УДК Машинни елементи. Общи въпроси. Вж и 531.8 ; 62-1/-9
УДК код - определител по УДК 621.81
УДК определител (075.8)
УДК - код + определител 621.81(075.8)
139 ## - Редно поле
Редна дума Ръководство за лабораторни упражнения по машинни елементи
Авторски знак Ръ - Р 97
245 10 - Сведения за заглавието
Заглавие Ръководство за лабораторни упражнения по машинни елементи
Редно поле (дума) Лефтер Стоянов Лефтеров и др.; под общ. ред. на Лефтер С. Лефтеров
257 ## - Страна на издаване
Страна на създаване/издаване България
260 ## - Област на издателските данни
Място на издаване, разпространение и проч. Варна
Име на издателя, разпространителя и проч. ТУ
Година на издаване 1982
9 (RLIN) 209417
Информация за издателството Старо име ВМЕИ Варна
Издателство - префикс ISBN 978-954-20-
300 ## - Физическа характеристика
Страници 160 с.
Илюстрации и др. със сх., табл., диагр.
Размери/Мащаб 21 см
380 ## - Жанр
Жанр Техника
650 #0 - Допълнително описание по предмет – тема
9 (RLIN) 247256
Основно описание – тема или топоним Машинни елементи - учебници за ВУЗ
653 #7 - Ключова дума – ненормативна
Ключова дума машинни елементи
9 (RLIN) 190678
653 #7 - Ключова дума – ненормативна
Ключова дума лабораторни упражнения
9 (RLIN) 189657
700 ## - Други автори (авторска отговорност)
Лично име Лефтеров, Лефтер Стоянов
Автороска отговорност (Описва отношението между автора и произведението) под общ. ред. на
9 (RLIN) 864
852 ## - Местоположение
Форматна сигнатура Цб 119057
Фондова буква Хранилище
999 ## - СИСТЕМНИ КОНТРОЛНИ НОМЕРА
Koha biblionumber 456235
Koha biblioitemnumber 456235
942 ## - АРТИКУЛИ
Вид на библиотечния материал Книги
Скрит в OPAC Не
Периодичен библиозапис Да
944 ## - СЪЗДАВАНЕ И РЕДАКЦИЯ на ЗАПИСА
Създаване/Редакция Създаване
Дата на регистрацията/редакция 2022-05-18
Служител, извършил регистрацията/редакцията ВК
999 ## - СИСТЕМНИ КОНТРОЛНИ НОМЕРА
Koha biblioitemnumber 456235
Наличности
Код за отписване Код за изгубен артикул Източник на класификационната схема Код за повреда Коз за рестрикции Код за отдаване Артикулен № Име на библиотеката - собственик Име на библиотеката, в която се намира в момента Статус (Текущо местоположение) Дата на вписване в системата Местоположение - отдел Цена в лева Инвентарен номер Систематично азбучна сигнатура Баркод Цена в евро Служебен тип на артикула
  Не е изгубен Universal Decimal Classification Не е повреден само за читалня ползва се в читалня 886344 Регионална библиотека "Любен Каравелов" Русе Регионална библиотека "Любен Каравелов" Русе Хранилище 2022-05-25 Хранилище 0.49 368469 Цб 119057 120000368469 0.25 Книги
Vip Innovations Ltd, Rousse, Bulgaria 2025